Muslim women and global challenges: (Record no. 153185)

MARC details
000 -LEADER
fixed length control field 00665nam a22001937a 4500
005 - DATE AND TIME OF LATEST TRANSACTION
control field 20180702120902.0
010 ## - LCCN (DPL NO)
LC control number ENG-123343
020 ## - INTERNATIONAL STANDARD BOOK NUMBER
Terms of availability 345.00
International Standard Book Number 9789389965339
035 ## - SYSTEM CONTROL NUMBER
System control number EN-106875
037 ## - SOURCE OF ACQUISITION
Source of stock number/acquisition DBAD/PUB
082 ## - DEWEY DECIMAL CLASSIFICATION NUMBER
Classification number 305.48697
100 ## - MAIN ENTRY--PERSONAL NAME
Personal name Alwani, Zainab
245 ## - TITLE STATEMENT
Title Muslim women and global challenges:
Statement of responsibility, etc by Zainab Alwani
Remainder of title seeking change through a quranic textual approach and the prophetic model /
260 ## - PUBLICATION, DISTRIBUTION, ETC. (IMPRINT)
Place of publication, distribution, etc New Delhi
Name of publisher, distributor, etc Institute of objective studies
Date of publication, distribution, etc 2012
270 ## - ADDRESS
Address B-35(LGF), Nizamuddin West,
City New Delhi
Postal code 110013
300 ## - PHYSICAL DESCRIPTION
Extent 157p.
Dimensions 22cm(Hb)
500 ## - GENERAL NOTE
General note It includes references
942 ## - ADDED ENTRY ELEMENTS (KOHA)
Source of classification or shelving scheme Dewey Decimal Classification
Item type English Books
Call number suffix ALW
Classification part 305.48697
Holdings
Withdrawn status Lost status Not for loan Collection code Home library Current library Date acquired Source of acquisition Cost, normal purchase price Full call number Barcode Copy number Cost, replacement price Koha item type
    Not For Loan Non-fiction D.B.Act.Division Central Library 28/06/2018 DBAD/PUB 345.00 305.48697 ALW EN-106875 1 345.00 English Books

© Delhi Public Library
Hit Counter
free hit counter